Statistics for 1M Chinese Cities with last 3 letters in common

Click here to take the quiz!

General Stats

  • This quiz has been taken 159 times
  • The average score is 22 of 63

Answer Stats

City% Correct
Beijing
83%
Guangzhou
83%
Hangzhou
80%
Nanjing
77%
Zhengzhou
73%
Xi'an
71%
Wuhan
70%
Fuzhou
69%
Shenyang
66%
Chongqing
64%
Dalian
64%
Wenzhou
64%
Hong Kong
63%
Nanning
61%
Kunming
54%
Jinan
50%
Lanzhou
50%
Changzhou
47%
Xuzhou
46%
Taiyuan
43%
Shijiazhuang
41%
Anshan
39%
Huizhou
39%
Nanchang
38%
Guiyang
34%
Luoyang
34%
Taizhou
34%
Liuzhou
32%
Datong
29%
Xining
29%
Yangzhou
29%
Zhuzhou
28%
Anyang
27%
Tangshan
26%
Jining
23%
Nantong
23%
Weifang
23%
Nanchong
21%
Hengyang
19%
Huainan
19%
Zhanjiang
19%
Jinzhou
18%
Kaifeng
18%
Baoding
17%
Daqing
17%
Mianyang
17%
Nanyang
17%
Wanzhou
17%
Yinchuan
16%
Chifeng
14%
Tai'an
14%
Xiangyang
14%
Zhenjiang
14%
Huai'an
13%
Maoming
13%
Putian
13%
Lianyungang
12%
Ma'anshan
12%
Xinxiang
12%
Yichang
12%
Yancheng
11%
Cangnan
10%
Qingyuan
8%

Score Distribution

Percentile by Number Answered

Percent of People with Each Score

Your Score History

You have not taken this quiz